000 00613nam a2200253Ia 4500
005 20260306154033.0
008 008 260114s9999 xx 000 0 eng d
020 _a9780511805431
037 _aEBOOK
040 _aCRL
040 _beng
040 _cCRL
041 _2eng
041 _aeng
084 _qCRL
100 _aMcAdam/Tarrow/Tilly
_91126740
245 0 _aDynamics of Contention 1st ed
260 _bCambridge University Press
260 _c2012
650 _aPolitical Science
856 _uhttps://doi.org/10.1017/CBO9780511805431
942 _cEBOOK
999 _c1705905
_d1705905